[Event "HUN-chT2 Charousek 0809"]
[Site "Hungary"]
[Date "2009.01.11"]
[Round "5"]
[White "Majdanics, Antal"]
[Black "Siroky, Jan"]
[Result "1/2-1/2"]
[WhiteElo "2186"]
[BlackElo "2218"]
[PlyCount "120"]
[EventDate "2008.10.26"]
[EventType "team-tourn"]
[EventRounds "11"]
[EventCountry "HUN"]
[SourceTitle "EXT 2010"]
[Source "ChessBase"]
[SourceDate "2010.11.25"]
[SourceVersion "1"]
[SourceVersionDate "2010.11.25"]
[SourceQuality "1"]
[WhiteTeam "Gyor Elektromos"]
[BlackTeam "Pannonpower"]
[WhiteTeamCountry "HUN"]
[BlackTeamCountry "HUN"]

1. e4 e6 2. d4 d5 3. Nc3 dxe4 4. Nxe4 Nd7 5. Nf3 Ngf6 6. Nxf6+ Nxf6 7. Bg5 Be7 8. Bd3 c5 9. dxc5 Qa5+ 10. Qd2 Qxd2+ 11. Nxd2 Bxc5 12. Bxf6 gxf6 13. Ne4 Be7 14. Bb5+ Bd7 15. Bxd7+ Kxd7 16. 0-0-0+ Kc7 17. Rd3 Rad8 18. Rhd1 f5 19. Nc3 a6 20. f4 Rhg8 21. Rg3 Rxd1+ 22. Kxd1 Rxg3 23. hxg3 Kc6 24. Ke2 h5 25. Nb1 b5 26. Nd2 Kd5 27. Nf3 f6 28. Ne1 e5 29. Nd3 a5 30. a3 Bd6 31. Ke3 a4 32. Nc1 Bc5+ 33. Ke2 Ke4 34. Na2 Kd4 35. Nc3 Kc4 36. Nb1 Bd4 37. b3+ Kd5 38. Kd3 Bb2 39. bxa4 bxa4 40. c3 Bc1 41. c4+ Kc6 42. Kc2 Be3 43. Nc3 exf4 44. Nd5 Bc5 45. Nxf4 Bxa3 46. Nxh5 Kc5 47. Ng7 Kxc4 48. Nxf5 Bc5 49. Kb2 Kd3 50. Ka2 Ke2 51. Nh6 Kd3 52. Ng4 f5 53. Nh6 Ke4 54. g4 f4 55. Nf5 Ke5 56. Nh4 Kf6 57. Nf3 Ke6 58. Ng5+ Ke5 59. Kb2 Be7 60. Nh3 Ke4 1/2-1/2

[Event "HUN-chT2 Charousek 0607"]
[Site "Hungary"]
[Date "2007.05.20"]
[Round "11"]
[White "Mester, Attila"]
[Black "Majdanics, Antal"]
[Result "0-1"]
[WhiteElo "2132"]
[BlackElo "2180"]
[PlyCount "58"]
[EventDate "2006.11.12"]
[EventType "team"]
[EventRounds "11"]
[EventCountry "HUN"]
[SourceTitle "EXT 2008"]
[Source "ChessBase"]
[SourceDate "2007.11.25"]
[SourceVersion "1"]
[SourceVersionDate "2007.11.25"]
[SourceQuality "1"]
[WhiteTeam "Penzugyor"]
[BlackTeam "Gyor Elektromos"]
[WhiteTeamCountry "HUN"]
[BlackTeamCountry "HUN"]

1. e4 e5 2. Nf3 Nf6 3. Nxe5 d6 4. Nf3 Nxe4 5. Nc3 Nxc3 6. dxc3 Be7 7. Be3 Nd7 8. Qd2 Ne5 9. 0-0-0 Bg4 10. Be2 Nxf3 11. gxf3 Be6 12. Kb1 Bf6 13. Rhg1 Qd7 14. Bd4 Qa4 15. b3 Qa5 16. f4 0-0-0 17. Bxf6 gxf6 18. Qd4 f5 19. Rg7 h5 20. h4 Rh6 21. Rdg1 c5 22. Qe3 Rhh8 23. Kb2 d5 24. R1g3 d4 25. Qe5 Rhe8 26. Qf6 Bxb3 27. axb3 Rxe2 28. Qxf5+ Kb8 29. cxd4 Re1 0-1

[Event "HUN-chT2 Charousek 0607"]
[Site "Hungary"]
[Date "2007.04.15"]
[Round "8"]
[White "Majdanics, Antal"]
[Black "Martin, Bela"]
[Result "1-0"]
[WhiteElo "2180"]
[BlackElo "2057"]
[PlyCount "113"]
[EventDate "2006.11.12"]
[EventType "team"]
[EventRounds "11"]
[EventCountry "HUN"]
[SourceTitle "EXT 2008"]
[Source "ChessBase"]
[SourceDate "2007.11.25"]
[SourceVersion "1"]
[SourceVersionDate "2007.11.25"]
[SourceQuality "1"]
[WhiteTeam "Gyor Elektromos"]
[BlackTeam "Barcza"]
[WhiteTeamCountry "HUN"]
[BlackTeamCountry "HUN"]

1. e4 c5 2. Nf3 d6 3. g3 Nc6 4. Bg2 g6 5. 0-0 Bg7 6. c3 e5 7. Qe2 Nge7 8. Na3 0-0 9. Nc2 a6 10. Rd1 Bg4 11. h3 Bxf3 12. Qxf3 b5 13. d3 Qc7 14. Be3 a5 15. d4 c4 16. h4 Rab8 17. Qe2 Nd8 18. Bh3 f5 19. dxe5 dxe5 20. Bg5 Ndc6 21. a4 Kh8 22. axb5 Rxb5 23. Na3 Rbb8 24. Nxc4 Rbd8 25. Rxd8 Rxd8 26. Bxe7 Nxe7 27. Rxa5 Nc6 28. Rd5 Ne7 29. Rxd8+ Qxd8 30. exf5 Nxf5 31. Bxf5 gxf5 32. Nxe5 Qc7 33. f4 Qc5+ 34. Kg2 Qd5+ 35. Kh2 h6 36. b4 Qb3 37. b5 Qxc3 38. h5 Qb3 39. Ng6+ Kh7 40. Nh4 Qb1 41. Qe6 Qb2+ 42. Kh3 Qxb5 43. Qxf5+ Qxf5+ 44. Nxf5 Bf6 45. Kg4 Bd8 46. Kf3 Bf6 47. Ke4 Bd8 48. Kd5 Ba5 49. Ke6 Bc3 50. Nd6 Bb2 51. Kf7 Bc3 52. Ne4 Bd4 53. Nf6+ Kh8 54. Kg6 Bc3 55. Ne4 Bg7 56. Nf6 Bf8 57. Ng4 1-0

[Event "HUN-chT2 Charousek 0607"]
[Site "Hungary"]
[Date "2006.12.17"]
[Round "4"]
[White "Majdanics, Antal"]
[Black "Kele, Karoly"]
[Result "1-0"]
[WhiteElo "2180"]
[BlackElo "2154"]
[PlyCount "67"]
[EventDate "2006.11.12"]
[EventType "team"]
[EventRounds "11"]
[EventCountry "HUN"]
[SourceTitle "EXT 2008"]
[Source "ChessBase"]
[SourceDate "2007.11.25"]
[SourceVersion "1"]
[SourceVersionDate "2007.11.25"]
[SourceQuality "1"]
[WhiteTeam "Gyor Elektromos"]
[BlackTeam "Pannonpower"]
[WhiteTeamCountry "HUN"]
[BlackTeamCountry "HUN"]

1. e4 c5 2. Nf3 e6 3. Qe2 Nc6 4. g3 d6 5. Bg2 Nf6 6. 0-0 Be7 7. c3 e5 8. d3 Bg4 9. h3 Bh5 10. g4 Bg6 11. Na3 h5 12. g5 Nh7 13. Nc4 b5 14. Na3 a6 15. d4 0-0 16. dxc5 dxc5 17. Rd1 Qc7 18. Rd5 f6 19. Nh4 Kf7 20. Nxg6 Kxg6 21. Bf3 Nxg5 22. Bxh5+ Kh7 23. Bg4 g6 24. Rd7 Qb6 25. h4 Nf7 26. Nc2 Rad8 27. Ne3 Rxd7 28. Bxd7 Qb7 29. Bh3 Bd8 30. Nd5 Nd6 31. Qe3 Ne7 32. Qh6+ Kg8 33. Be6+ Nf7 34. Nxf6# 1-0

[Event "HUN-chT2 Charousek 0607"]
[Site "Hungary"]
[Date "2006.12.03"]
[Round "3"]
[White "Plecsko, Zoltan"]
[Black "Majdanics, Antal"]
[Result "1/2-1/2"]
[WhiteElo "2077"]
[BlackElo "2180"]
[PlyCount "46"]
[EventDate "2006.11.12"]
[EventType "team"]
[EventRounds "11"]
[EventCountry "HUN"]
[SourceTitle "EXT 2008"]
[Source "ChessBase"]
[SourceDate "2007.11.25"]
[SourceVersion "1"]
[SourceVersionDate "2007.11.25"]
[SourceQuality "1"]
[WhiteTeam "Csuti II"]
[BlackTeam "Gyor Elektromos"]
[WhiteTeamCountry "HUN"]
[BlackTeamCountry "HUN"]

1. e4 d6 2. d4 Nf6 3. Nc3 c6 4. h3 Qa5 5. Bd3 e5 6. dxe5 dxe5 7. Nf3 Nbd7 8. Bd2 Qc7 9. a4 Be7 10. Qe2 Nc5 11. Bc4 0-0 12. 0-0 a5 13. Rad1 h6 14. Nh4 Nxa4 15. Nxa4 b5 16. Ng6 Re8 17. Nxe7+ Rxe7 18. Nc5 bxc4 19. Qxc4 Nd7 20. Be3 Nxc5 21. Qxc5 Re6 22. Rd2 Rg6 23. Kh2 Rb8 1/2-1/2

[Event "HUN-chT2 Charousek 0607"]
[Site "Hungary"]
[Date "2006.11.26"]
[Round "2"]
[White "Majdanics, Antal"]
[Black "Adzic, Slobodan"]
[Result "1-0"]
[WhiteElo "2180"]
[BlackElo "2184"]
[PlyCount "103"]
[EventDate "2006.11.12"]
[EventType "team"]
[EventRounds "11"]
[EventCountry "HUN"]
[SourceTitle "EXT 2008"]
[Source "ChessBase"]
[SourceDate "2007.11.25"]
[SourceVersion "1"]
[SourceVersionDate "2007.11.25"]
[SourceQuality "1"]
[WhiteTeam "Gyor Elektromos"]
[BlackTeam "Decs"]
[WhiteTeamCountry "HUN"]
[BlackTeamCountry "HUN"]

1. e4 c5 2. Nf3 a6 3. d3 Nc6 4. g3 g6 5. Bg2 Bg7 6. 0-0 Nf6 7. c3 0-0 8. Be3 b6 9. h3 d5 10. e5 Nd7 11. d4 e6 12. Re1 h6 13. Nh2 Kh7 14. Ng4 cxd4 15. cxd4 Ne7 16. Nc3 b5 17. h4 Nf5 18. Qd2 Qe7 19. Bf4 Bb7 20. Ne3 Rfc8 21. Nxf5 gxf5 22. Ne2 f6 23. exf6 Nxf6 24. a3 Ne4 25. Qd3 Rc4 26. f3 Nd6 27. b3 Rc7 28. g4 Kh8 29. Bg3 Rac8 30. Nf4 Qf7 31. Nxe6 Rc3 32. Qd1 Ne4 33. fxe4 Rxg3 34. exf5 Bf6 35. Nf4 Qg7 36. Ng6+ Kh7 37. Kh2 Qc7 38. Ne5 Bxh4 39. Rc1 Qd6 40. Rxc8 Bxc8 41. Qc2 Rxg4 42. f6+ Kh8 43. Qxc8+ Rg8 44. Qh3 Qxf6 45. Rf1 Qg7 46. Nf7+ Kh7 47. Qf5+ Qg6 48. Bxd5 Qxf5 49. Rxf5 Rg4 50. Ne5 Rxd4 51. Nf3 Rg4 52. Kh3 1-0

[Event "HUN-chT2 Charousek 0607"]
[Site "Hungary"]
[Date "2006.11.12"]
[Round "1"]
[White "Rapport, Richard"]
[Black "Majdanics, Antal"]
[Result "1-0"]
[WhiteElo "2012"]
[BlackElo "2180"]
[PlyCount "71"]
[EventDate "2006.11.12"]
[EventType "team"]
[EventRounds "11"]
[EventCountry "HUN"]
[SourceTitle "EXT 2008"]
[Source "ChessBase"]
[SourceDate "2007.11.25"]
[SourceVersion "1"]
[SourceVersionDate "2007.11.25"]
[SourceQuality "1"]
[WhiteTeam "Lovo"]
[BlackTeam "Gyor Elektromos"]
[WhiteTeamCountry "HUN"]
[BlackTeamCountry "HUN"]

1. e4 e5 2. Nf3 Nf6 3. Nxe5 Nxe4 4. Qe2 Qe7 5. Qxe4 d6 6. d4 dxe5 7. dxe5 Nc6 8. Bf4 g5 9. Bd2 f5 10. Qe2 h5 11. Nc3 Be6 12. 0-0-0 0-0-0 13. h4 gxh4 14. f4 Bh6 15. Qf2 Nxe5 16. fxe5 Rxd2 17. Rxd2 Rd8 18. Bd3 c5 19. Nb5 c4 20. Nd6+ Kb8 21. Bf1 c3 22. bxc3 Bxa2 23. Qxh4 Bg5 24. Qd4 Bf7 25. Kd1 Bxd2 26. Kxd2 Qg5+ 27. Qe3 f4 28. Qf3 Rd7 29. Bb5 Bd5 30. Rxh5 Qg8 31. Qxf4 Qxg2+ 32. Kc1 Rd8 33. Qf6 Qg1+ 34. Kb2 Qb6 35. Rh8 Bg8 36. Qg5 1-0

[Event "HUN-chT2 Charousek 0506"]
[Site "Hungary"]
[Date "2006.01.22"]
[Round "6"]
[White "Majdanics, Antal"]
[Black "Szamoskozi, Gabor"]
[Result "0-1"]
[WhiteElo "2165"]
[BlackElo "2245"]
[PlyCount "80"]
[EventDate "2005.10.16"]
[EventType "team"]
[EventRounds "11"]
[EventCountry "HUN"]
[SourceTitle "EXT 2009"]
[Source "ChessBase"]
[SourceDate "2008.11.26"]
[SourceVersion "1"]
[SourceVersionDate "2008.11.26"]
[SourceQuality "1"]
[WhiteTeam "Gyor Elektromos"]
[BlackTeam "BEAC"]
[WhiteTeamCountry "HUN"]
[BlackTeamCountry "HUN"]

1. e4 c5 2. Nf3 Nc6 3. Bb5 g6 4. Bxc6 dxc6 5. h3 Bg7 6. d3 e5 7. Nbd2 Be6 8. 0-0 f6 9. b3 Nh6 10. a4 0-0 11. a5 Nf7 12. Nc4 Qc7 13. Be3 b6 14. axb6 axb6 15. Nfd2 Bh6 16. Bxh6 Nxh6 17. Qf3 Kg7 18. Qg3 b5 19. Ne3 Qd6 20. Nf3 Rfd8 21. Rfd1 Nf7 22. h4 Qd7 23. Rf1 Kh8 24. Rfd1 b4 25. Nc4 Bxc4 26. bxc4 Ra3 27. Rxa3 bxa3 28. Nd2 Qd4 29. Nb3 Qb2 30. Rc1 a2 31. Qe3 Rb8 32. Qe1 Nd8 33. Kh2 Ne6 34. h5 Kg7 35. h6+ Kxh6 36. Kg3 Rxb3 37. cxb3 Nd4 38. Ra1 Qc2 39. Rd1 g5 40. Rd2 Qxd2 0-1

[Event "HUN-chT2 Charousek 0506"]
[Site "Hungary"]
[Date "2005.12.04"]
[Round "5"]
[White "Vargyas, Zoltan"]
[Black "Majdanics, Antal"]
[Result "0-1"]
[WhiteElo "2128"]
[BlackElo "2165"]
[PlyCount "46"]
[EventDate "2005.10.16"]
[EventType "team"]
[EventRounds "11"]
[EventCountry "HUN"]
[SourceTitle "EXT 2009"]
[Source "ChessBase"]
[SourceDate "2008.11.26"]
[SourceVersion "1"]
[SourceVersionDate "2008.11.26"]
[SourceQuality "1"]
[WhiteTeam "Szenna Pack"]
[BlackTeam "Gyor Elektromos"]
[WhiteTeamCountry "HUN"]
[BlackTeamCountry "HUN"]

1. e4 e5 2. Nf3 Nf6 3. d4 Nxe4 4. Bd3 d5 5. Nxe5 Nd7 6. Nxd7 Bxd7 7. 0-0 Qh4 8. Nc3 Nxc3 9. bxc3 0-0-0 10. Qf3 Be6 11. h3 Bd6 12. Rb1 h5 13. c4 Qxd4 14. Bb2 Qf4 15. Qxf4 Bxf4 16. cxd5 Bxd5 17. g3 Bh6 18. Rfe1 Rhe8 19. Be5 Bd2 20. Re2 Bf3 21. Rxd2 Rxe5 22. Kf1 c5 23. c4 Rxd3 0-1